La enseñanza privada seglar de grado medio en Madrid (Record no. 144024)
[ view plain ]
| 000 -LEADER | |
|---|---|
| campo de control de longitud fija | 00741nam a2200193 4500 |
| 001 - NÚMERO DE CONTROL | |
| campo de control | 144024 |
| 003 - IDENTIFICADOR DE NÚMERO DE CONTROL | |
| campo de control | ES-MaACL |
| 005 - FECHA Y HORA DE LA ÚLTIMA TRANSACCIÓN | |
| campo de control | 20250806062542.0 |
| 007 - CAMPO FIJO DE DESCRIPCIÓN FÍSICA--INFORMACIÓN GENERAL | |
| campo de control de longitud fija | t| |
| 008 - DATOS DE LONGITUD FIJA--INFORMACIÓN GENERAL | |
| campo de control de longitud fija | 070214s1972 sp r ||||1| spa d |
| 100 1# - ENTRADA PRINCIPAL--NOMBRE DE PERSONA | |
| Nombre de persona | Simón Palmer, María del Carmen. |
| 9 (RLIN) | 106548 |
| 245 13 - MENCIÓN DEL TÍTULO | |
| Título | La enseñanza privada seglar de grado medio en Madrid |
| Resto del título | : (1820-1868) / |
| Mención de responsabilidad, etc. | María del Carmen Simón Palmer ; prólogo de Vicente Palacio Atard. |
| 260 ## - PUBLICACIÓN, DISTRIBUCIÓN, ETC. | |
| Lugar de publicación, distribución, etc. | Madrid : |
| Nombre del editor, distribuidor, etc. | Instituto de Estudios Madrileños, |
| Fecha de publicación, distribución, etc. | 1972 ( |
| Fabricante | Uguina) |
| 300 ## - DESCRIPCIÓN FÍSICA | |
| Extensión | XXIII, 438 p., 9 lám. ; |
| Dimensiones | 25 cm + |
| Material acompañante/anejo | 1 h. pleg. |
| 700 1# - ENTRADA AGREGADA--NOMBRE PERSONAL | |
| Nombre de persona | Palacio Atard, Vicente, |
| Fechas asociadas al nombre | 1920-2013 |
| 9 (RLIN) | 88374 |
| 710 2# - ENTRADA AGREGADA--NOMBRE DE ENTIDAD CORPORATIVA | |
| Nombre de entidad corporativa o nombre de jurisdicción como elemento de entrada | Instituto de Estudios Madrileños |
| 9 (RLIN) | 4916 |
| 852 ## - LOCALIZACIÓN | |
| Ubicación | ES-MaACL |
| Número de control de estantería | C-48249 |
| Sublocalización o colección | R.84302 |
| Estatus retirado | Estado de pérdida | Estado de daño | No para préstamo | Biblioteca de origen | Biblioteca actual | Ubicación en estantería | Fecha de adquisición | Fuente de adquisición | Total de préstamos | Signatura topográfica completa | Código de barras | Visto por última vez | Precio de reemplazo | Tipo de ítem Koha |
|---|---|---|---|---|---|---|---|---|---|---|---|---|---|---|
| Biblioteca del Ateneo de Madrid | Biblioteca del Ateneo de Madrid | Depósito 2 | 17/01/2008 | C-48249 | 1149847 | 23/02/2023 | 23/02/2023 | Libro impreso |
